[Event "Moscow4"]
[Site "Moscow"]
[Date "1991.??.??"]
[Round "?"]
[White "Zakharov, Alexander V"]
[Black "Galdunts, Sergey"]
[Result "0-1"]
[WhiteElo "2380"]
[BlackElo "2470"]

1.Nf3 d5 2.c4 e6 3.d4 Nf6 4.Nc3 Be7 5.cxd5 exd5 6.Bf4 O-O 7.e3 Nbd7 8.Bd3 c6
9.Qc2 Re8 10.O-O-O Nf8 11.h3 Bd6 12.Ne5 Be6 13.Bg5 c5 14.Bb5 Re7 15.f4 cxd4
16.exd4 Rc7 17.f5 Bd7 18.Bxd7 N8xd7 19.Kb1 Bb4 20.Rd3 Rac8 21.Qa4 Bxc3 22.Nxd7 Qxd7
23.Qxd7 Nxd7 24.Rxc3 Rxc3 25.bxc3 Re8 26.Bh4 Re4 27.g4 h5 28.Re1 Rxe1+ 29.Bxe1 hxg4
30.hxg4 Nf6 31.g5 Ne4 32.g6 Nd6 33.Kc2 Nxf5 34.gxf7+ Kxf7 35.Kd3 b5  0-1

[Event "Moscow7 op"]
[Site "Moscow"]
[Date "1991.??.??"]
[Round "?"]
[White "Hohn, Jan"]
[Black "Voss, Ingo"]
[Result "1-0"]
[WhiteElo "2240"]
[BlackElo "2260"]

1.Nf3 d5 2.c4 c6 3.d4 Nf6 4.Nc3 dxc4 5.a4 Bf5 6.e3 e6 7.Bxc4 Be7 8.O-O O-O
9.Qe2 Qc7 10.Ne5 Bg6 11.e4 Bb4 12.Nxg6 hxg6 13.f4 Nbd7 14.Rf3 a6 15.e5 Nd5
16.Rh3 Rfd8 17.Qg4 Be7 18.Bd3 Nf8 19.Ne4 f5 20.exf6 Nxf6 21.Qh4 Nxe4 22.Qh8+ Kf7
23.Bxe4 Bf6 24.Be3 Qa5 25.b4 Qc7 26.Rg3 Qd6 27.Rd1 Rab8 28.Bxg6+ Nxg6 29.Qh5 Qxb4
30.Qxg6+ Kf8 31.f5 exf5 32.Qxf5 Qe7 33.Rf1 Ke8 34.Bd2 Rd5 35.Qg6+ Kd7 36.Re1 Bxd4+
37.Kh1 Qf6 38.Qg4+ Kc7 39.Bf4+ Be5 40.Qxg7+  1-0

[Event "Moscow7 op"]
[Site "Moscow"]
[Date "1991.??.??"]
[Round "?"]
[White "Demina, Julia"]
[Black "Savon, Vladimir A"]
[Result "0-1"]
[WhiteElo "2405"]
[BlackElo "2460"]

1.Nf3 d5 2.c4 dxc4 3.e4 c5 4.Bxc4 Nc6 5.Bb5 Bd7 6.Nc3 e6 7.O-O Nf6 8.e5 Ng4
9.Re1 a6 10.Bxc6 Bxc6 11.d3 h5 12.Bf4 Nh6 13.Rc1 Nf5 14.Ne4 Qd5 15.b3 Rd8
16.Rc3 h4 17.h3 Be7 18.Qc1 Rh5 19.Nxc5 Nd4 20.Re3 Rf5 21.Re4 Qxe4 22.dxe4 Ne2+
23.Kh2 Nxc1 24.Bxc1 Rh5 25.Nxa6 Bxe4 26.Nc7+ Kf8 27.Bb2 Rf5  0-1

[Event "New York m blitz"]
[Site "New York"]
[Date "1991.??.??"]
[Round "?"]
[White "Tal, Mihail"]
[Black "Dzindzichashvili, Roman"]
[Result "1/2-1/2"]
[WhiteElo "2565"]
[BlackElo "2555"]

1.Nf3 d5 2.c4 c6 3.b3 dxc4 4.bxc4 e5 5.Nc3 Bd6 6.g3 Nf6 7.Bg2 O-O 8.O-O Re8
9.d3 Bc7 10.Qc2 Bg4 11.Rd1 Nbd7 12.Rb1 Rb8 13.d4 Bxf3 14.Bxf3 exd4 15.Rxd4 Qe7
16.Bb2 Ne5 17.Bg2 Bb6 18.Rh4 Ng6 19.Rh3 Rbd8 20.e3 Bxe3 21.fxe3 Qxe3+ 22.Qf2 Qxf2+
23.Kxf2 Rd2+ 24.Kg1 Ng4 25.Ne4 Re2 26.Bc3 R2xe4 27.Bxe4 Rxe4 28.Rxb7 h6 29.Rxa7 Rxc4
30.Be1 N6e5  1/2-1/2

[Event "New York op"]
[Site "New York"]
[Date "1991.??.??"]
[Round "5"]
[White "Gurevich, Dmitry"]
[Black "Tischbierek, Raj"]
[Result "1/2-1/2"]
[WhiteElo "2460"]
[BlackElo "2500"]

1.Nf3 d5 2.c4 e6 3.g3 Nf6 4.Bg2 Be7 5.O-O O-O 6.d4 b6 7.Nc3 Bb7 8.cxd5 exd5
9.Bf4 Na6 10.Rc1 c5 11.Qa4 cxd4 12.Nxd4 Nc5 13.Qc2 Bd6 14.Bxd6 Qxd6 15.Ncb5 Qd7
16.Qf5 Ne6 17.Bh3 Nxd4 18.Nxd4 Qa4 19.Qf4 Bc8 20.Bxc8 Rfxc8 21.a3 Rc5 22.Nf5 Qxf4
23.gxf4 g6 24.Nd4  1/2-1/2

[Event "Niksic"]
[Site "Niksic"]
[Date "1991.??.??"]
[Round "8"]
[White "Horvath, Csaba"]
[Black "Nikcevic, Nebojsa"]
[Result "1-0"]
[WhiteElo "2460"]
[BlackElo "2440"]

1.Nf3 d5 2.c4 e6 3.g3 g6 4.Bg2 Bg7 5.d4 Ne7 6.O-O O-O 7.Qc2 b6 8.Rd1 Bb7
9.cxd5 exd5 10.b4 Nd7 11.Bb2 c6 12.Nc3 a5 13.b5 c5 14.dxc5 bxc5 15.e3 Qc7
16.Rac1 Rfc8 17.Na4 Bxb2 18.Qxb2 Qd6 19.Qa3 Rc7 20.Nd2 Nf5 21.Ne4 Qe7 22.b6 Rc6
23.Nec3 d4 24.exd4 cxd4 25.Qxe7 Nxe7  1-0

[Event "Nimes op"]
[Site "Nimes"]
[Date "1991.??.??"]
[Round "9"]
[White "Foisor, Cristina Adela B"]
[Black "Dizdar, Goran"]
[Result "0-1"]
[WhiteElo "2350"]
[BlackElo "2535"]

1.Nf3 d5 2.c4 e6 3.g3 Nf6 4.Bg2 Be7 5.O-O O-O 6.d4 c6 7.Qc2 b6 8.Rd1 Nbd7
9.b3 Ba6 10.Bb2 Rc8 11.Nc3 dxc4 12.bxc4 Bxc4 13.Ne5 Nxe5 14.dxe5 Nd5 15.Qa4 b5
16.Qxa7 Qb6 17.Qxb6 Nxb6 18.Bf3 c5 19.Ne4 Bd5 20.Nd6 Bxd6 21.exd6 Bxf3 22.exf3 Rfd8
23.Bc1 Nd5 24.Bf4 f6 25.a4 g5 26.Be3 b4 27.a5 b3 28.a6 b2 29.Ra3 c4  0-1

[Event "NOR-chT"]
[Site "NOR"]
[Date "1991.??.??"]
[Round "?"]
[White "Groenn, Atle"]
[Black "Agdestein, Simen"]
[Result "0-1"]
[WhiteElo "2365"]
[BlackElo "2590"]

1.Nf3 d5 2.c4 e6 3.d4 Be7 4.g3 Nc6 5.Bg2 Bf6 6.O-O Nge7 7.cxd5 exd5 8.Bg5 Bxg5
9.Nxg5 f6 10.Nf3 Bg4 11.Nc3 Qd7 12.Qa4 O-O 13.b4 Kh8 14.Rfd1 Nf5 15.h3 Bxf3
16.Bxf3 Nfe7 17.b5 Nd8 18.Qb3 c6 19.Bg2 f5 20.e3 Ne6 21.Rab1 g5 22.bxc6 bxc6
23.f4 gxf4 24.exf4 Nc8 25.Nxd5 cxd5 26.Bxd5 Nc7 27.Bxa8 Nxa8 28.Qb7 Nab6
29.Qxd7 Nxd7 30.Rb7 Nf6 31.d5 Ne4 32.Rb8 Rg8 33.Rc1 Nb6 34.Rxg8+ Kxg8 35.g4 a5
36.gxf5 a4 37.Kg2 Nxd5 38.Rc4  0-1

[Event "Oberwart op"]
[Site "Oberwart"]
[Date "1991.??.??"]
[Round "?"]
[White "Znamenacek, Kvetoslav"]
[Black "Palac, Mladen"]
[Result "0-1"]
[WhiteElo "2350"]
[BlackElo "2495"]

1.Nf3 d5 2.c4 e6 3.d4 Nf6 4.Nc3 Bb4 5.cxd5 exd5 6.Bg5 Nbd7 7.Qc2 h6 8.Bh4 c5
9.e3 c4 10.Be2 Qa5 11.O-O Bxc3 12.bxc3 Ne4 13.Rac1 Nb6 14.Nd2 Bf5 15.Nxe4 Bxe4
16.Qd2 O-O 17.Be7 Rfe8 18.Bb4 Qb5 19.Rce1 Re6 20.f3 Bg6 21.f4 Be4 22.f5 Rf6
23.g4 Qd7 24.Rf4 h5 25.Ref1 hxg4 26.Bxg4 Re8 27.h3 Bd3 28.R1f3 Qa4 29.Rg3 a5
30.Bc5 Nd7 31.Bd1 Qb5 32.Rxg7+ Kxg7 33.Qg2+ Rg6 34.fxg6 Bxg6 35.Bh5 Re6 36.Qxd5 Nxc5
37.dxc5 Qb1+ 38.Rf1 Qd3 39.Bf3 Qxe3+ 40.Rf2 Qxc3 41.Qxb7 Qc1+ 42.Rf1 Re1
43.Rxe1 Qxe1+ 44.Kg2 c3  0-1

[Event "Oberwart op"]
[Site "Oberwart"]
[Date "1991.??.??"]
[Round "?"]
[White "Znamenacek, Kvetoslav"]
[Black "Golikov, Anatolij"]
[Result "1-0"]
[WhiteElo "2350"]
[BlackElo "2390"]

1.Nf3 d5 2.c4 c6 3.b3 Nf6 4.g3 Bg4 5.Bg2 e6 6.O-O Nbd7 7.Bb2 Bd6 8.d3 O-O
9.Nbd2 a5 10.a3 Qe7 11.h3 Bxf3 12.Nxf3 Rfd8 13.Nd4 dxc4 14.bxc4 a4 15.Qd2 Nc5
16.Qe3 h6 17.Kh2 Ra6 18.Nc2 Nb3 19.Rad1 c5 20.Rb1 b6 21.Bc6 Rc8 22.Bxf6 Qxf6
23.Bb7 Raa8 24.Na1 Nxa1 25.Rxa1 Rab8 26.Bxc8 Rxc8 27.Rab1 Bc7 28.Qe4 h5 29.Kg2 Rd8
30.Qf3 Qg5 31.h4 Qe5 32.Rfd1 g6 33.e3 Qd6 34.d4 Qe7 35.d5 e5 36.e4 Rd6 37.Qe3 Kg7
38.Qc3 f6 39.Qc2 Qd7 40.Rb5 Qg4 41.f3 Qd7 42.Qxa4 g5 43.Qc2 gxh4 44.Rh1 f5
45.exf5 Bd8 46.Qe4 Bf6 47.a4 Kf8 48.gxh4 Qg7+ 49.Kh3 Bd8 50.Rb2 Qf7 51.Re2 Bc7
52.Rg1 Rf6 53.Rg5 Bd6 54.Reg2 Qh7 55.Rg6 Qf7 56.R2g5 Be7 57.Rxh5  1-0

[Event "Pamplona"]
[Site "Pamplona"]
[Date "1991.??.??"]
[Round "7"]
[White "Ehlvest, Jaan"]
[Black "Illescas Cordoba, Miguel"]
[Result "1-0"]
[WhiteElo "2605"]
[BlackElo "2545"]

1.Nf3 d5 2.c4 c6 3.d4 Nf6 4.e3 e6 5.Bd3 dxc4 6.Bxc4 c5 7.Qe2 a6 8.dxc5 Bxc5
9.O-O O-O 10.e4 b5 11.Bd3 e5 12.a4 Bb7 13.axb5 axb5 14.Rxa8 Bxa8 15.Bg5 h6
16.Bh4 Qd6 17.Rd1 b4 18.Nbd2 Nc6 19.Nb3 Nd4 20.Nfxd4 Bxd4 21.Bb1 Re8 22.Nxd4 exd4
23.f3 Bb7 24.Qd2 Rd8 25.Bf2 Qc5 26.Qc2 Qe5 27.Bg3 Qb5 28.Qd3 Qxd3 29.Bxd3 Nh5
30.Be5 g5 31.Bc4 Nf4 32.Rxd4 Rc8 33.Bxf4 gxf4 34.e5 Rc5 35.Rxf4 Rxe5 36.Bxf7+ Kg7
37.Kf2  1-0

[Event "Pamplona"]
[Site "Pamplona"]
[Date "1991.??.??"]
[Round "9"]
[White "Illescas Cordoba, Miguel"]
[Black "Chernin, Alexander"]
[Result "1-0"]
[WhiteElo "2545"]
[BlackElo "2605"]

1.Nf3 d5 2.c4 c6 3.d4 Nf6 4.Nc3 dxc4 5.e4 b5 6.e5 Nd5 7.a4 e6 8.axb5 Nxc3
9.bxc3 cxb5 10.Ng5 Bb7 11.Qh5 Qd7 12.Be2 h6 13.Bf3 Nc6 14.O-O Nd8 15.Ne4 a5
16.Qg4 Rh7 17.Bd1 h5 18.Qe2 Bd5 19.Bc2 Rh8 20.Bg5 Nb7 21.f4 Ra6 22.h4 a4
23.Ng3 Na5 24.f5 Nb3 25.Rad1 b4 26.fxe6 Rxe6 27.cxb4 a3 28.Bf5 f6 29.Be3 Qf7
30.Qc2 Kd8 31.Ne2 Rb6 32.Nf4 Bxb4 33.Be4 Bxe4 34.Qxe4 Qa7 35.d5 Bc5 36.Ne6+ Rxe6
37.dxe6+ Kc8 38.Qxc4 a2 39.Bxc5 Qxc5+ 40.Qxc5+ Nxc5  1-0

[Event "Panama op"]
[Site "Panama"]
[Date "1991.??.??"]
[Round "?"]
[White "Gonzales, Bolivar Ribiero"]
[Black "Lacayo, Rene"]
[Result "0-1"]
[WhiteElo "2385"]
[BlackElo "2285"]

1.Nf3 d5 2.c4 d4 3.g3 g6 4.Bg2 Bg7 5.d3 Nc6 6.O-O e5 7.Na3 Nge7 8.Nc2 a5
9.b3 O-O 10.a3 h6 11.Bb2 g5 12.b4 Ng6 13.b5 Nce7 14.e4 c5 15.bxc6 bxc6 16.a4 Bg4
17.h3 Be6 18.Nd2 Qd7 19.Kh2 Rfb8 20.Ba3 Nc8 21.Rb1 Nb6 22.Na1 c5 23.Rb5 Bf8
24.Qb3 Qc7 25.Rb1 Ra6 26.Bf3 Bd7 27.Bg4 Bxb5 28.cxb5 Rb7 29.Nc4 Ne7 30.Nxb6 Qxb6
31.Rc1 Nc8 32.Qa2 Qf6 33.Kg2 Nb6 34.Bxc5 Rc7 35.Nb3 Bxc5 36.Rxc5 Rxc5 37.Nxc5 Qd6
38.Qc2 Qc7 39.Bh5 Nd7 40.Bxf7+ Kh8 41.Qe2 Nxc5 42.Qh5 Qd6  0-1

[Event "CSR-chJ"]
[Site "Pardubice"]
[Date "1991.??.??"]
[Round "?"]
[White "Jirovsky, Milos"]
[Black "Talla, Vladimir"]
[Result "1-0"]
[WhiteElo "2305"]
[BlackElo "2290"]

1.Nf3 d5 2.c4 c6 3.b3 Nf6 4.Bb2 Nbd7 5.g3 e6 6.Bg2 Bd6 7.O-O O-O 8.d4 Qe7
9.Nbd2 b6 10.Qc2 Bb7 11.e4 Nxe4 12.Nxe4 dxe4 13.Qxe4 Nf6 14.Qc2 c5 15.dxc5 Bxc5
16.Ng5 e5 17.Bxb7 Qxb7 18.Bxe5 h6 19.Bxf6 hxg5 20.Bxg5 f6 21.Bf4 Rad8 22.Rae1  1-0

[Event "Podgorica"]
[Site "Podgorica"]
[Date "1991.??.??"]
[Round "1"]
[White "Pajkovic, Vladimir"]
[Black "Dabetic, Radojica"]
[Result "1-0"]
[WhiteElo "2415"]
[BlackElo "2335"]

1.Nf3 d5 2.c4 e6 3.d4 c5 4.cxd5 exd5 5.Bg5 Be7 6.Bxe7 Qxe7 7.dxc5 Nf6 8.Nbd2 Nc6
9.Nb3 Bg4 10.e3 O-O 11.Be2 Rfe8 12.Rc1 Rad8 13.Nfd4 Bxe2 14.Qxe2 Qe4 15.Qf3 Qd3
16.Rd1 Qc4 17.Qe2 Ne4 18.Nxc6 bxc6 19.Rd4 Qxe2+ 20.Kxe2 Rb8 21.Rc1 Rb5 22.Ra4 f5
23.Rc2 f4 24.f3 Nxc5 25.Nxc5 fxe3  1-0

[Event "Polanica Zdroj op"]
[Site "Polanica Zdroj"]
[Date "1991.??.??"]
[Round "?"]
[White "Mazul, Waldemar"]
[Black "Pyka, Roman"]
[Result "1-0"]
[WhiteElo "2370"]
[BlackElo "2255"]

1.Nf3 d5 2.c4 e6 3.g3 Nf6 4.Bg2 Be7 5.O-O O-O 6.d4 dxc4 7.Qc2 a6 8.Qxc4 b5
9.Qc2 Bb7 10.Bf4 Nd5 11.Bd2 Nd7 12.Ba5 Bb4 13.Bxb4 Nxb4 14.Qd2 Qe7 15.a4 Nd5
16.Na3 bxa4 17.Nc4 N5b6 18.Rfc1 Rac8 19.Qd3 Rfd8 20.Na5 Ba8 21.Nc6 Bxc6 22.Rxc6 Nb8
23.Rc5 N8d7 24.Rcc1 a5 25.Rc6 Nd5 26.Rc4 N5b6 27.Rc6 Nd5 28.Qc4 Qb4 29.Qc1 Rb8
30.Rc2 N7b6 31.Ne5 Ne7 32.e3 f6 33.Nd3 Qd6 34.Rxc7 Rdc8 35.Rxc8+ Rxc8 36.Qd1 Ned5
37.Nc5 e5 38.Nxa4 Nxa4 39.Qxa4 exd4 40.Qxd4 Rd8 41.Rd1  1-0

[Event "Porz op27"]
[Site "Porz"]
[Date "1991.??.??"]
[Round "8"]
[White "Szekely, Peter"]
[Black "Tal, Mihail"]
[Result "1/2-1/2"]
[WhiteElo "2430"]
[BlackElo "2565"]

1.Nf3 d5 2.c4 d4 3.g3 Nc6 4.Bg2 e5 5.O-O a5 6.d3 Nf6 7.e3 Be7 8.exd4 exd4
9.Na3 O-O 10.Nb5 Bf5 11.Bf4  1/2-1/2

[Event "Prague mJ"]
[Site "Prague"]
[Date "1991.??.??"]
[Round "?"]
[White "Jirovsky, Milos"]
[Black "Gabriel, Christian"]
[Result "1-0"]
[WhiteElo "2305"]
[BlackElo "2305"]

1.Nf3 d5 2.c4 e6 3.d4 c5 4.cxd5 exd5 5.Bg5 Be7 6.Bxe7 Nxe7 7.dxc5 Qa5+ 8.Nc3 Nbc6
9.e3 Qxc5 10.Bb5 O-O 11.O-O Bg4 12.Bxc6 bxc6 13.Qd4 Qxd4 14.Nxd4 c5 15.Nb3 Rfc8
16.h3 Be6 17.Rfd1 Rab8 18.Rd2 Rb4 19.Ne2 Ng6 20.Rc1 c4 21.Nbd4 Ne5 22.Nf4 Rcb8
23.b3 R4b6 24.Rc3 g5 25.Nh5 Kh8 26.f4 gxf4 27.exf4 Nc6 28.Nxe6 fxe6 29.bxc4 Rb1+
30.Kh2 d4 31.Ra3 a5 32.Re2 Re8 33.Rg3 Re7 34.Rg5 Rb8 35.Rc5 Rb6 36.Rd2 Kg8
37.Rd3 Kf7 38.Rb5 Reb7 39.a4 Ke7 40.Ng3  1-0

[Event "Reggio mem Chicco"]
[Site "Reggio Emilia"]
[Date "1991.??.??"]
[Round "?"]
[White "Cvitan, Ognjen"]
[Black "Braga, Fernando"]
[Result "1/2-1/2"]
[WhiteElo "2535"]
[BlackElo "2445"]

1.Nf3 d5 2.c4 e6 3.d4 Nf6 4.Nc3 Nbd7 5.Bg5 Bb4 6.cxd5 exd5 7.Rc1 c5 8.dxc5 Nxc5
9.Qd4 Bxc3+ 10.Qxc3 Nce4 11.Bxf6 Qxf6 12.Qxf6 Nxf6 13.Nd4 Bd7 14.f3 Ke7 15.Kd2 Rhc8
16.Rxc8 Rxc8 17.e3 Ne8 18.Bd3 Nd6 19.b3 h5 20.h4 Kf6 21.Rc1 Rxc1 22.Kxc1 Ke5
23.Kd2 Ne8 24.Kc3 Nc7 25.Be2 g6 26.a3 Kd6 27.Bd1 Ke5 28.Be2 Kd6 29.Bd3 Ke5
30.Bc2 Be8 31.b4 Bd7 32.Bd3 Kd6 33.Kb3 Ke5 34.Kc3 Kd6 35.Be2 Ke5 36.Kd2 Kf6
37.Bd3 Ke5 38.f4+ Kd6 39.f5 Be8 40.Ne2 Ke5 41.Nf4 gxf5 42.Nxh5 Ne6 43.g3 d4
44.Nf4 dxe3+ 45.Kxe3 Kf6 46.Ne2 Ke5 47.Ng1 Kf6 48.Nf3 Ng7 49.Nd4 Bd7 50.Bb5 Bc8
51.Be2 a6 52.a4 b6 53.a5 bxa5 54.bxa5 Ne6 55.Nxe6 fxe6 56.Kd4 e5+ 57.Kc5 f4
58.gxf4 exf4 59.Kb6 Bh3 60.Bf3 Bf1 61.Kc5 Ke5 62.h5 Kf6 63.Kd4 Kg5 64.Ke5 Bb5
65.h6 Kxh6 66.Kxf4  1/2-1/2

[Event "Rome op"]
[Site "Rome"]
[Date "1991.??.??"]
[Round "1"]
[White "Passerotti, Pierluigi"]
[Black "Ianniello, Riccardo"]
[Result "1/2-1/2"]
[WhiteElo "2330"]
[BlackElo "2305"]

1.Nf3 d5 2.c4 c6 3.b3 Bg4 4.Ne5 Bf5 5.cxd5 Qxd5 6.Nc4 Qd8 7.Nc3 Nf6 8.Bb2 e6
9.g3 Be7 10.Bg2 O-O 11.O-O Nbd7 12.e4 Bg6 13.d4 b5 14.Nd2 e5 15.d5  1/2-1/2

[Event "Rome op"]
[Site "Rome"]
[Date "1991.??.??"]
[Round "3"]
[White "Passerotti, Pierluigi"]
[Black "Ortega, Lexy"]
[Result "0-1"]
[WhiteElo "2330"]
[BlackElo "2415"]

1.Nf3 d5 2.c4 dxc4 3.Qa4+ Nd7 4.g3 a6 5.Qxc4 b5 6.Qc6 Rb8 7.Bg2 Bb7 8.Qc2 e6
9.O-O c5 10.Nc3 Ngf6 11.Rd1 Be7 12.d4 Rc8 13.dxc5 Bxc5 14.Ne5 Qb6 15.Nxd7 Nxd7
16.Bxb7 Qxb7 17.Qe4 Qb6 18.Qf4 Nf6 19.Qf3 O-O 20.Bg5 Bd4 21.Rd3 h6 22.Be3 Bxe3
23.Rxe3 b4 24.Ne4 Nd5 25.Rd3 Rc2 26.Rd2 Rxd2 27.Nxd2 Qd4 28.Nb3 Qxb2 29.Qe4 Rc8
30.Qd4 Qxe2 31.Rd1 Qxa2 32.Nc1 Qc2 33.Kg2 Ne3+  0-1

[Event "Salo op"]
[Site "Salo"]
[Date "1991.??.??"]
[Round "5"]
[White "Barkovsky, E."]
[Black "Nei, Iivo"]
[Result "1/2-1/2"]
[WhiteElo "2285"]
[BlackElo "2415"]

1.Nf3 d5 2.c4 c6 3.Qc2 Nf6 4.g3 g6 5.b3 Bg7 6.Bb2 O-O 7.Bg2 Na6 8.d3 c5 9.Nbd2 Nb4
10.Qc1 d4 11.a3 Na6 12.b4 Nd7 13.O-O e5 14.Re1 Re8 15.b5 Nc7 16.e3 Nf8 17.a4 a5
18.exd4 exd4 19.Rxe8 Nxe8 20.Ne4 b6 21.Nfg5 Ra7 22.h4 Re7 23.Qf1 Bb7 24.Re1 h6
25.Nh3 f5 26.Nd2 Bxg2 27.Kxg2 g5 28.hxg5 hxg5 29.Bc1 Bf6 30.Rxe7 Qxe7 31.Ng1 Ng6
32.Qd1 g4 33.Kf1 Bg5 34.Nb3 Bxc1 35.Nxc1 Kg7 36.Qd2 Nc7 37.f4 Qe8 38.Qg2 Qa8
39.Qd2 Kf6 40.Nb3 Ne6 41.Qh2 Qb7 42.Ke1 Qa8 43.Kd2 Qb7 44.Kc2 Qa8 45.Nd2 Qb7
46.Ne2 Qa8 47.Nc1 Qb7 48.Ncb3 Qa8 49.Nf1 Qf3 50.Nbd2 Qb7 51.Qe2 Qh1 52.Nh2 Qa1
53.Nxg4+ fxg4 54.Ne4+ Kg7 55.Qxg4 Qxa4+ 56.Kb2 Qb4+ 57.Kc2 Qa4+ 58.Kd2 Qa2+
59.Ke1 Qb1+ 60.Ke2 Qc2+ 61.Nd2 Nf8 62.f5 a4 63.Qe4 a3 64.Qb7+ Kh6 65.fxg6 Nxg6  1/2-1/2

[Event "San Francisco"]
[Site "San Francisco"]
[Date "1991.??.??"]
[Round "5"]
[White "Tal, Mihail"]
[Black "Polgar, Zsuzsa"]
[Result "1/2-1/2"]
[WhiteElo "2570"]
[BlackElo "2510"]

1.Nf3 d5 2.c4 dxc4 3.e3 Nf6 4.Bxc4 e6 5.d4 a6 6.Qe2 c5 7.O-O b5 8.Bd3 cxd4
9.exd4 Be7 10.a4 bxa4 11.Nc3 O-O 12.Nxa4 Nc6 13.Rd1 Nb4 14.Bc4 Bb7 15.Ne5 Bd5  1/2-1/2

[Event "San Sebastian op"]
[Site "San Sebastian"]
[Date "1991.??.??"]
[Round "8"]
[White "Gallego, Victoriano"]
[Black "Cruz Lopez Claret, Carlos"]
[Result "1/2-1/2"]
[WhiteElo "2305"]
[BlackElo "2275"]

1.Nf3 d5 2.c4 e6 3.b3 c6 4.g3 f5 5.Bg2 Bd6 6.O-O Nf6 7.Bb2 O-O 8.d3 Qe7 9.Nc3 Na6
10.Qb1 e5 11.cxd5 Nxd5 12.Nd2 Nxc3 13.Bxc3 Nb4 14.Nc4 Nd5 15.Bb2 Re8 16.Nxd6 Qxd6
17.Qc2 c5 18.Rac1 b6 19.a3 Be6 20.Qd2 Rac8 21.f4 exf4 22.gxf4 Ne7 23.Qc3 Qd4+
24.Qxd4 cxd4 25.Bxd4 Bxb3 26.Bb7 Rcd8 27.e3 Rd7 28.Ba6 Red8 29.Rc3 Bf7 30.Rfc1 Nd5
31.Rc8 Be6 32.Bb5 Rd6 33.Rxd8+ Rxd8 34.Rc6 Bf7 35.Bc4 Kf8 36.Kf2 Be8 37.Re6 Bf7
38.Re5 g6 39.Kf3 Nf6 40.Bxf7 Kxf7 41.Rb5 Rc8 42.a4 Rc2 43.a5 Rxh2  1/2-1/2

[Event "Sao Paulo op"]
[Site "Sao Paulo"]
[Date "1991.??.??"]
[Round "3"]
[White "Segal, Alexandru Sorin"]
[Black "Sorokin, Maxim"]
[Result "1/2-1/2"]
[WhiteElo "2355"]
[BlackElo "2500"]

1.Nf3 d5 2.c4 c6 3.cxd5 cxd5 4.d4 Nc6 5.Nc3 Nf6 6.Bf4 e6 7.e3 Nh5 8.Bg3 Bd7
9.Bd3 Rc8 10.Rc1 Be7 11.a3 O-O 12.Ne5 g6 13.Nxc6 Rxc6 14.O-O Qa5 15.Qd2 Nxg3
16.hxg3 a6 17.Nb1 Qxd2 18.Nxd2 Rfc8 19.Rxc6 Rxc6 20.Rb1 f6 21.Kf1 Kg7 22.Ke2 Bd6
23.Kd1 Rc8 24.Ke2 Ba4 25.Rh1 h5 26.Rb1 Rc7 27.Ke1 a5 28.Ke2 b6 29.Ke1 Be8
30.Ke2 g5 31.Rh1 b5 32.Nb3 a4 33.Nc1 e5 34.Na2 e4 35.Bb1 b4 36.axb4 Rc4 37.Kd2 f5
38.Bc2 Bxb4+ 39.Nxb4 Rxb4 40.Kc3 Rc4+ 41.Kd2 Rb4 42.Kc3  1/2-1/2

[Event "Sao Paulo op"]
[Site "Sao Paulo"]
[Date "1991.??.??"]
[Round "4"]
[White "Goncalves, Jorge"]
[Black "Toth, Peter"]
[Result "1-0"]
[WhiteElo "2220"]
[BlackElo "2240"]

1.Nf3 d5 2.c4 c6 3.g3 Nf6 4.Bg2 g6 5.b3 Bg7 6.Bb2 dxc4 7.bxc4 Qb6 8.Qc2 Bf5
9.d3 O-O 10.O-O Na6 11.a3 Rad8 12.Nbd2 Nc5 13.Rab1 Qa6 14.e4 Bc8 15.d4 Na4
16.Ba1 Nb6 17.c5 Nbd7 18.Qc3 b5 19.d5 Ne8 20.Qe3 Nef6 21.d6 exd6 22.cxd6 Rfe8
23.Bh3 Nd5 24.Qb3 Nc5 25.Qc2 Bxh3 26.Bxg7 Bxf1 27.Ba1 Bd3 28.Qxc5 Bxb1 29.exd5 f6
30.dxc6 Bf5 31.Bxf6 Qa4 32.Bxd8 Bh3 33.Qd5+ Re6 34.Nb3 Qc4 35.Qxc4 bxc4 36.Nbd4 Rxd6
37.c7 h6 38.Nc2 Rd1+ 39.Nfe1 Kf7 40.f3 Bc8 41.Kf2 Rd2+ 42.Ke3 Rxh2 43.Kd4 Rh3
44.g4 h5 45.Ne3 Ke6 46.Bg5 hxg4 47.fxg4 Kd6 48.Bf4+ Kc6 49.Nxc4 g5 50.Bxg5 Bxg4
51.Ne5+ Kxc7 52.Nxg4 Rxa3 53.Ne5 Kb7 54.N1d3 Ra1 55.Kc5 Rb1 56.Nc4 Rg1 57.Bd8 Rg8
58.Nd6+ Kb8 59.Bf6 Rg6 60.Bc3 Rg3 61.Kc4 Kc7 62.Nf5 Rh3 63.Ne5 Rxc3+ 64.Kxc3 a5
65.Nc4 a4 66.Na3 Kd7 67.Kd4 Ke6 68.Ng3 Kd6 69.Nf5+ Ke6 70.Ke4 Kf6 71.Nd4 Kg5
72.Kf3 Kf6 73.Kf4 Kg6 74.Nf3 Kf6 75.Ng5 Kg6 76.Ne4 Kh5 77.Nf6+ Kh4 78.Ng4 Kh3
79.Kg5 Kg3 80.Ne5 Kh3 81.Kf4 Kh4 82.Ng6+ Kh3 83.Kf3 Kh2 84.Nf4 Kh1 85.Kg3 Kg1
86.Kf3 Kh1 87.Kf2 Kh2 88.Nb1 a3 89.Nd2 a2 90.Nf3+  1-0

[Event "Schellenberg op"]
[Site "Schellenberg"]
[Date "1991.??.??"]
[Round "9"]
[White "Mascarinas, Rico"]
[Black "Cvetkovic, Srdjan"]
[Result "1/2-1/2"]
[WhiteElo "2410"]
[BlackElo "2470"]

1.Nf3 d5 2.c4 e6 3.d4 Nf6 4.Nc3 Nbd7 5.cxd5 exd5 6.Bf4 c6 7.e3 Nh5 8.Bg3 Nxg3
9.hxg3 g6 10.Bd3 Bg7 11.Qd2 O-O 12.b4 Re8 13.O-O Nf8 14.b5 Bg4 15.bxc6 bxc6
16.Nh2 h5 17.Na4 Qg5 18.Qc2 Rac8 19.Rfe1 Ne6 20.Rac1 Bf8 21.Nc5 Nxc5 22.dxc5 Rb8  1/2-1/2

[Event "Schoeneck"]
[Site "Schoeneck"]
[Date "1991.??.??"]
[Round "5"]
[White "Reschke, Stefan"]
[Black "Alber, Horst"]
[Result "1/2-1/2"]
[WhiteElo "2310"]
[BlackElo "2345"]

1.Nf3 d5 2.c4 d4 3.e3 Nc6 4.exd4 Nxd4 5.Nxd4 Qxd4 6.Nc3 e5 7.d3 c6 8.Be3 Qd6
9.d4 exd4 10.Qxd4 Qxd4 11.Bxd4 Nf6 12.O-O-O Be7 13.Bd3 Be6 14.Rhe1 O-O 15.Bf5 c5
16.Bxf6 Bxf6 17.Bxe6 Bxc3 18.bxc3 fxe6 19.f3 Rae8 20.Rd7 Rf7 21.Red1 Kf8
22.Kc2 g5 23.Rxf7+ Kxf7 24.Kb3 Ke7 25.Ka4 Rc8 26.h4 gxh4 27.Rh1 Rg8 28.Rxh4 Rxg2
29.Rxh7+ Kd6 30.Kb3 Kc6 31.Re7 Re2 32.f4 Re4 33.Rf7 b6 34.f5  1/2-1/2

[Event "Schoeneck"]
[Site "Schoeneck"]
[Date "1991.??.??"]
[Round "6"]
[White "Reschke, Stefan"]
[Black "Bode, Ulf"]
[Result "0-1"]
[WhiteElo "2310"]
[BlackElo "2265"]

1.Nf3 d5 2.c4 e6 3.b3 Nf6 4.g3 c6 5.Bg2 Nbd7 6.Bb2 Bd6 7.O-O O-O 8.d3 Re8
9.Qc2 e5 10.e4 dxe4 11.dxe4 Qe7 12.a3 a5 13.Nc3 Nc5 14.h3 Ne6 15.Rfd1 Nd7
16.Bc1 Bc5 17.Ne2 h6 18.Nh4 g6 19.Nf3 Ng5 20.Ne1 Nf6 21.Bxg5 hxg5 22.Nd3 g4
23.h4 Nd7 24.Qb2 Qf6 25.Nxc5 Nxc5 26.b4 axb4 27.axb4 Rxa1 28.Qxa1 Na6 29.Qa5 Qe7
30.c5 Nc7 31.Qa1 Nb5 32.Bf1 Be6 33.Qxe5 Bc4 34.Qf4 Bxe2 35.Bxe2 Nc3 36.Rd2 Qxe4
37.Bxg4 Qxf4 38.gxf4 Re4 39.Rb2 f5 40.Bf3 Rxf4 41.Kg2 Rxh4 42.Rc2 Nb5 43.Rb2 Kf7
44.Be2 Ke6 45.Kg3 Rd4 46.f4 Nc3 47.b5 Kd5 48.bxc6 bxc6 49.Bf3+ Ne4+ 50.Kh4 Kxc5
51.Ra2 Rd2 52.Ra5+ Kd4 53.Bxe4 Kxe4 54.Rc5 Kxf4 55.Rc4+ Kf3 56.Rxc6 Rh2+
57.Kg5 Rg2+ 58.Kf6 f4 59.Ke5 g5 60.Kf5 Ra2 61.Kxg5 Kg3 62.Kf5 f3 63.Ke4 Ra3
64.Rg6+ Kh2 65.Rf6 Kg2 66.Rg6+ Kf1 67.Kf4 f2 68.Re6 Kg1 69.Rg6+ Kh2  0-1

[Event "Belavenets mem op"]
[Site "Smolensk"]
[Date "1991.??.??"]
[Round "?"]
[White "Frumson, Yury"]
[Black "Novik, Maxim"]
[Result "0-1"]
[WhiteElo "2320"]
[BlackElo "2405"]

1.Nf3 d5 2.c4 e6 3.g3 c5 4.Bg2 Nc6 5.O-O Nf6 6.cxd5 exd5 7.b3 Be7 8.Bb2 O-O
9.d4 Bg4 10.dxc5 Bxc5 11.Nc3 Re8 12.Rc1 Bf8 13.Nb5 Ne4 14.h3 Be6 15.Nbd4 Qb6
16.e3 Rad8 17.a3 Bc8 18.Ne2 Na5 19.Nfd4 Qh6 20.Nf4 Nc6 21.b4 Ne5 22.Qh5 Qxh5
23.Nxh5 Nc4 24.Rc2 Bd6 25.Nb5 Nxb2 26.Nxd6 Nxd6 27.Rxb2 Nc4 28.Rc2 Nxa3 29.Rc5 Be6
30.Ra1 b6 31.Rc6 Nb5 32.Bf1 Nd6 33.Rxa7 Nc8 34.Ra3 d4 35.exd4 Rxd4 36.b5 Rd1
37.Nf4 Bd7 38.Ra8 Bxc6 39.bxc6 Rc1 40.Nd5 Rxc6 41.Bg2 Rc1+ 42.Kh2 Kf8 43.Nb4  0-1

[Event "BUL-chT"]
[Site "Sofia"]
[Date "1991.??.??"]
[Round "2"]
[White "Delchev, Aleksander"]
[Black "Kirov, Nino"]
[Result "1/2-1/2"]
[WhiteElo "2360"]
[BlackElo "2455"]

1.Nf3 d5 2.c4 c6 3.d4 Nf6 4.Nc3 dxc4 5.a4 Bf5 6.Nh4 e6 7.Nxf5 exf5 8.e3 Bb4
9.Bxc4 O-O 10.O-O Nbd7 11.Qc2 g6 12.f3 Rc8 13.Rd1 Qe7 14.e4 c5 15.d5 Bxc3
16.Qxc3 fxe4 17.Bf4 Nh5 18.Bh6 exf3 19.Bxf8 Rxf8 20.Qxf3 Ne5 21.Qc3 Qg5 22.Bf1 Nf4
23.Qxc5 Nh3+ 24.Kh1 b6 25.Qd4 Nf4 26.Ra3 Rd8 27.Qe4 Ng4 28.Rf3 Nxd5 29.Rxd5 Rxd5
30.Qe8+ Kg7 31.Rxf7+ Kh6 32.Qf8+ Kh5 33.Rxh7+ Nh6  1/2-1/2

[Event "BUL-chT"]
[Site "Sofia"]
[Date "1991.??.??"]
[Round "5"]
[White "Spassov, Liuben"]
[Black "Ninov, Kiril"]
[Result "1/2-1/2"]
[WhiteElo "2420"]
[BlackElo "2405"]

1.Nf3 d5 2.c4 c6 3.e3 Nf6 4.Nc3 g6 5.d4 Bg7 6.Be2 O-O 7.O-O dxc4 8.Bxc4 Bg4
9.h3 Bxf3 10.Qxf3 Nbd7 11.Rd1 e5 12.d5 e4 13.Qf4 Qe7 14.dxc6 bxc6 15.Bd2 Rab8
16.Rab1 Rfd8 17.Qc7 Qc5 18.Bb3 Rdc8 19.Qf4 g5  1/2-1/2

[Event "St Martin op"]
[Site "St Martin"]
[Date "1991.??.??"]
[Round "6"]
[White "Mangorino"]
[Black "De Castro, Edgar"]
[Result "1-0"]
[WhiteElo "2300"]
[BlackElo "2100"]

1.Nf3 d5 2.c4 Nf6 3.cxd5 Nxd5 4.d4 e6 5.e4 Bb4+ 6.Bd2 Bxd2+ 7.Qxd2 Ne7 8.Nc3 O-O
9.Bc4 c6 10.Rd1 Nd7 11.Qf4 Qb6 12.Rd2 Nf6 13.g4 Ng6 14.Qg3 a5 15.h4 Rd8 16.h5 Nf8
17.g5 Ne8 18.e5 Qc7 19.Qh4 b5 20.Bd3 b4 21.Ne4 Ba6 22.g6 Bxd3 23.gxh7+ Nxh7
24.Rxd3 Rd5 25.Rg1 Rad8 26.Nf6+ Nhxf6 27.exf6 Rf5 28.fxg7 Rdd5 29.h6 Rh5
30.h7+  1-0